Traduction en-fr: the week / la semaine - Statistiques

Statistiques générales
  • Ce quiz a été pris 20 fois
  • Le résultat moyen est 9 sur 10
Statistiques - réponses
Mots en en/ Words in en Mots en fr/ Words in fr % Correct
Thursday Jeudi
100%
Monday Lundi
100%
Tuesday Mardi
100%
Wednesday Mercredi
100%
Friday Vendredi
100%
Sunday Dimanche
95%
Saturday Samedi
95%
A weekend Une fin de semaine
95%
Daily Quotidien
53%
Weekly Hebdomadaire
42%
Aucun quiz correspondant
Distribution des résultats
% des personnes avec chaque résultat
Percentile par nombre de réponses
Votre historique - résultats
Vous n’avez pas pris ce quiz